000 01344nam a2200325 a 4500
001 000003183
003 DO-SdBNP
005 20250307073708.0
007 ta
008 090707s1999 dr 000 0 spa d
020 _a9993425036
040 _aDO-SdBNP
_bspa
_cBNPHU
082 4 _a400
_bM433c, 1999
_222
100 1 _aMatos Moquete, Manuel,
_d1944-
_96349
245 1 3 _aLa cultura de la lengua /
_cManuel Matos Moquete.
260 _aSanto Domingo :
_bINTEC,
_c1999
300 _a338 p. ;
_c21 cm.
500 _a"La crítica que realizó José Martí y que él mismo llamo más de una vez, y desde muy temprano, ejercicio del criterio - fue, como toda crítica verdadera, manifestación de un pensamiento / Roberto Fernández Retamar".- En portada.
590 _aInventariado, 2018 / LP
600 1 0 _aMir, Pedro,
_d1913-2000
_97245
600 1 0 _aHenríquez Ureña, Pedro,
_d1884-1946
_91718
600 4 _aPané, Ramón,
_dd. 1571
_xCrítica e interpretación
_919951
650 4 _aLenguaje y cultura
_910051
650 4 _aLenguaje y lenguas
_xHistoria y crítica
_910052
650 4 _aEspañol
_xEnseñanza
_zRepública Dominicana
_910054
650 4 _aLiteratura dominicana
_xHistoria y crítica
_9159
710 2 _aInstituto Tecnológico de Santo Domingo
_978911
910 _aValidado. Control de calidad MMOLINA
942 _2ddc
_cLBS1
999 _c3014
_d3014